Poder Regional: (Registro nro. 20552)

Detalles MARC
000 -CABECERA
Campo de control 00897nam a22002537a 4500
005 - FECHA Y HORA DE LA ULTIMA TRANSACCION
Campo de control 20191105083937.0
008 - ELEMENTOS DE LONGITUD FIJA—INFORMACION GENERAL
Campo de control 191105b xxu||||| |||| 00| 0 spa d
022 ## - ISSN
ISSN 26652102
040 ## - FUENTE DE CATALOGACIÓN
Agencia catalogadora original CO-BoIAVH
Agencia transcriptora CO-BoIAVH
041 ## - IDIOMA
Código de idioma para texto/pista de sonido o título separado Español
044 ## - PAÍS DE PUBLICACIÓN
País de publicación Colombia
082 ## - NUMERO DE CLASIFICACION DECIMAL DEWEY
Número de clasificación 333.707
Número del ítem F31p
110 ## - ASIENTO PRINCIPAL--NOMBRE CORPORATIVO
9 (RLIN) 101885
Nombre corporativo o de jurisdicción como elemento de entrada Colombia
Unidad subordinad Federación Nacional de Departamentos
245 ## - MENCION DE TITULO
Título Poder Regional:
Parte restante del título Gobernadores contra la deforestación.
260 ## - PUBLICACION, DISTRIBUCION, ETC. (PIE DE IMPRENTA)
Lugar de publicación, distribución, etc. Bogotá:
Nombre del editor, distribuidor, etc. Federación nacional de departamentos,
Fecha de publicación, distribución, etc. 2019.
300 ## - DESCRIPCION FISICA
Extensión 82 Páginas:
Otros detalles físicos fotografías,
Dimensiones 27 x 20 cm.
490 ## - MENCION DE SERIE
Mención de serie Poder regional:
Designación numérica/secuencial del volumen Número 2: Abril - Junio de 2019
650 #0 - ASIENTO SECUNDARIO DE MATERIA - TERMINO TEMATICO
9 (RLIN) 10269
Término temático o nombre geográfico como elemento de entrada Informe de investigación
650 #0 - ASIENTO SECUNDARIO DE MATERIA - TERMINO TEMATICO
9 (RLIN) 23377
Término temático o nombre geográfico como elemento de entrada Agendas ambientales
650 #0 - ASIENTO SECUNDARIO DE MATERIA - TERMINO TEMATICO
9 (RLIN) 26407
Término temático o nombre geográfico como elemento de entrada Desarrollo regional
Subdivisión general Aspectos ambientales
Subdivisión geográfica Colombia.
650 #0 - ASIENTO SECUNDARIO DE MATERIA - TERMINO TEMATICO
9 (RLIN) 782
Término temático o nombre geográfico como elemento de entrada Desarrollo sostenible
Subdivisión geográfica Colombia
856 ## - LOCALIZACION Y ACCESO ELECTRONICOS
Identificador Uniforme del Recurso https://bit.ly/2XsjDCp
942 ## - ELEMENTOS ADICIONALES (KOHA)
Sistema de clasificación Dewey Decimal Classification
Tipo de ítem Libro
Existencias
Withdrawn status Lost status Sistema de Clasificación Damaged status No para préstamo Colección Ubicación Permanente Ubicación actual Fecha de adquisición Total Checkouts Número topográfico Inventario / Código de Barras Date last seen Ejemplar Price effective from Forma de adquisición Tipo de material
    Dewey Decimal Classification     General Bogotá Bogotá 05/11/2019   LB-333.707 F31p 043672 05/11/2019 Ej.1 05/11/2019 Canje Libro
    Dewey Decimal Classification     General Bogotá Bogotá 05/11/2019   LB-333.707 F31p 043673 05/11/2019 Ej.1 05/11/2019 Canje Libro